¿Democracias prepago? : (Registro nro. 5254)
[ vista simple ]
| 000 -LEADER | |
|---|---|
| fixed length control field | 01229nam a2200241Ia 4500 |
| 003 - CONTROL NUMBER IDENTIFIER | |
| control field | OSt |
| 005 - DATE AND TIME OF LATEST TRANSACTION | |
| control field | 20200429171847.0 |
| 008 - FIXED-LENGTH DATA ELEMENTS--GENERAL INFORMATION | |
| fixed length control field | 191128s2010 ck gr 000 0 spa d |
| 020 ## - INTERNATIONAL STANDARD BOOK NUMBER | |
| International Standard Book Number | 9789587194364 |
| 040 ## - CATALOGING SOURCE | |
| Original cataloging agency | CO-JMCR |
| Transcribing agency | CO-JMCR |
| 041 0# - LANGUAGE CODE | |
| Language code of text/sound track or separate title | spa |
| 082 04 - DEWEY DECIMAL CLASSIFICATION NUMBER | |
| Classification number | 324.78 / |
| Item number | R644d |
| Edition number | 23 |
| 100 1# - MAIN ENTRY--PERSONAL NAME | |
| Personal name | Roll, David, |
| Relator term | autor |
| 9 (RLIN) | 3711 |
| 245 12 - TITLE STATEMENT | |
| Title | ¿Democracias prepago? : |
| Remainder of title | el control de la financiación de la política, un reto para Colombia y Latinoamérica / |
| Statement of responsibility, etc. | David Roll |
| 250 ## - EDITION STATEMENT | |
| Edition statement | Primera edición |
| 260 ## - PUBLICATION, DISTRIBUTION, ETC. | |
| Place of publication, distribution, etc. | Bogotá : |
| Name of publisher, distributor, etc. | Universidad Nacional de Colombia, |
| Date of publication, distribution, etc. | 2010 |
| 300 ## - PHYSICAL DESCRIPTION | |
| Extent | 297 páginas ; |
| Dimensions | 24 cm. |
| 505 0# - FORMATTED CONTENTS NOTE | |
| Formatted contents note | Un balance del sistema de financiamiento político en Colombia -- Las dificultades del financiamiento de la política en Colombia y sus repercusiones en el sistema de partidos : algunas reflexiones sobre la "parapolítica" -- Evolución del marco normativo |
| 520 ## - SUMMARY, ETC. | |
| Summary, etc. | El problema dinero-política es un asunto no resuelto en los sistemas políticos democráticos. El incremento de los costos de las campañas en las últimas décadas ha llegado a afectar los mecanismos de elección. |
| 650 14 - SUBJECT ADDED ENTRY--TOPICAL TERM | |
| Topical term or geographic name entry element | Partidos políticos |
| 9 (RLIN) | 3712 |
| 650 14 - SUBJECT ADDED ENTRY--TOPICAL TERM | |
| Topical term or geographic name entry element | Elecciones |
| General subdivision | campañas políticas |
| 9 (RLIN) | 3713 |
| 942 ## - ADDED ENTRY ELEMENTS (KOHA) | |
| Source of classification or shelving scheme | Dewey Decimal Classification |
| Koha item type | Books |
| Withdrawn status | Lost status | Source of classification or shelving scheme | Damaged status | Not for loan | Collection code | Home library | Current library | Date acquired | Source of acquisition | Cost, normal purchase price | Total Checkouts | Full call number | Barcode | Date last seen | Date last checked out | Copy number | Koha item type |
|---|---|---|---|---|---|---|---|---|---|---|---|---|---|---|---|---|---|
| Dewey Decimal Classification | Non-fiction | Biblioteca Pública José María del Castillo y Rada | Biblioteca Pública José María del Castillo y Rada | 04/15/2018 | Donación | 0.00 | 1 | 324.78 / R644d | 430001582 | 10/02/2024 | 10/01/2024 | Ej.1 | Books |